000 00331nam a22001337a 4500
008 181025b xxu||||| |||| 00| 0 eng d
020 _a9781269815284
041 _aeng
080 _a541
100 _a11
101 _aBIO
245 _aThe Pearson Custom Library For The Biological Sciences
_cCulumber.M.D
942 _2udc
_cBK
999 _c50906
_d50906